[Event "Rovno"]
[Site "Rovno"]
[Date "2000.??.??"]
[Round "14"]
[White "Moroz, Alexander"]
[Black "Kochetkov, German"]
[Result "0-1"]
[WhiteElo "2513"]
[BlackElo "2360"]
[Annotator "Avrukh,B"]
[PlyCount "100"]
[EventDate "2000.01.20"]
[EventType "tourn"]
[EventRounds "15"]
[EventCountry "UKR"]
[EventCategory "8"]
[SourceTitle "CBM 076"]
[Source "ChessBase"]
[SourceDate "2000.05.31"]
[SourceVersion "1"]
[SourceVersionDate "2000.05.31"]
[SourceQuality "1"]

1. e4 {Finkel,A} c5 2. Nf3 Nc6 3. d4 cxd4 4. Nxd4 e5 5. Nb5 a6 $6 {Dubious
move giving white the advantage of two bishops on the early stage of the game.}
6. Nd6+ Bxd6 7. Qxd6 Qf6 8. Qd1 Qg6 9. Nc3 Nf6 10. f3 (10. Qd6 $5 Qg4 11. f3
Qe6 12. Qd1 Ne7 13. Bg5 O-O 14. Qd2 b5 15. a3 Bb7 16. Bxf6 Qxf6 17. Qxd7 $16 {
1-0 Mikhaletz,L-Kazmin,A/Yalta op 1996 (51)}) 10... O-O (10... d5 $2 11. Nxd5
Nxd5 12. Qxd5 O-O 13. Qd2 h6 14. Bd3 Nd4 15. O-O $16 {Andersen,L-Zachariassen,
J/Copenhagen op2 1994/1/2-1/2 (49)}) 11. Be3 d6 (11... d5 12. Nxd5 $5 (12. exd5
$5) 12... Nxd5 13. exd5 $2 Nb4 14. Rc1 Nxa2 15. Ra1 Nb4 16. Rc1 Rd8 $17 {
1/2-1/2 Dueren,J-Margraf,D/DLM-J 1996 (39)}) (11... b5 12. a3 Bb7 13. g4 Rfd8
14. h4 h6 15. g5 hxg5 16. hxg5 Ne8 $13 {1-0 Katona,E-Palinkas,M/HUN-chJW U16
1994 (64)}) 12. Qd2 Be6 13. a3 Rad8 14. Bd3 {[%csl Rg6] The main problem of
black is his queen,which is trapped on the kingside.} Ne8 15. O-O f6 16. Bb6
$16 (16. Nd5 f5 17. c4 f4 18. Bb6 Rd7 19. b4 Nf6 20. a4 $16) 16... Rd7 17. Nd5
f5 {Thiss move weakens black's position even more,but it's the only way to
counterplay.} 18. exf5 (18. c4 $5 fxe4 19. Bxe4 Bf5 20. Bxf5 Qxf5 21. b4 $16)
18... Bxf5 19. Bxf5 Qxf5 20. Rad1 Rdf7 21. Rfe1 (21. c4) 21... g5 22. Qd3 Qe6
23. c4 Kh8 (23... g4 24. f4 {[%cal Ge1e6]}) 24. b4 g4 25. f4 Ng7 (25... Qh6 26.
fxe5 Nxe5 27. Bd4 Qg5 28. Qg3 $16 {[%cal Gc4c5]}) 26. b5 axb5 27. cxb5 Nb8 28.
Ba5 $5 (28. fxe5 dxe5 29. Ba5 (29. Bc7 $5 Rxc7 30. Nxc7 Qb6+ 31. Qe3 Qxc7 32.
Qxe5 $14) 29... Nf5 30. Bc3 $16) 28... Nd7 29. Bc3 Nc5 30. Qb1 $5 (30. Qe3 $5
e4 (30... Nf5 31. Qf2 Na4 32. Ba1 Ne7 33. fxe5 $1 Rxf2 34. exd6+ $18 {[%cal
Ga1h8,Ge1e7]})) 30... g3 31. h3 e4 32. Bd4 $5 Rf5 33. Bxc5 $1 Rxd5 34. Bd4 {
[%csl Re4]} (34. Be3 $2 Rxd1 35. Qxd1 d5 (35... Nf5 36. Bd4+ Kg8 37. Qg4+ $132)
36. Qd4 Kg8 $15) 34... Rxf4 $6 35. Qb2 $2 {Missing nice possibilty to increase
his advantage} (35. Qc1 $1 Rdf5 (35... Rf7 36. Rxe4 $1 $18) 36. Qc7 Rf7 37.
Qb8+ Rf8 38. Qxb7 $16) 35... Rf7 {Now black takes control of the game.} 36. Rc1
h5 $1 37. b6 $6 Kh7 38. Bxg7 Rxg7 $19 {Two central pawns become lethal force.}
39. Rc7 Qe5 $1 40. Qc2 Qd4+ 41. Kh1 Rf5 {[%csl Rh1]} 42. Qb3 (42. Rc4 Qf6 $1
$19 {[%cal Gd6d5,Gf5f1]}) 42... h4 43. a4 d5 44. a5 Qd2 45. Qd1 Qxd1 46. Rxd1
d4 47. a6 $5 bxa6 48. Rxg7+ (48. b7 Rb5 $1) 48... Kxg7 49. Rb1 e3 50. b7 e2 {
[%cal Gf5f1,Gf5b5]} 0-1

[Event "Kemerovo1"]
[Site "Kemerovo"]
[Date "1995.??.??"]
[Round "2"]
[White "Aseev, Konstantin N"]
[Black "Iskusnyh, Sergei"]
[Result "1-0"]
[WhiteElo "2530"]
[BlackElo "2430"]
[Annotator "Baburin,A"]
[PlyCount "89"]
[EventDate "1995.08.??"]
[EventType "tourn"]
[EventRounds "11"]
[EventCountry "RUS"]
[EventCategory "12"]
[SourceTitle "CBM 050"]
[Source "ChessBase"]
[SourceDate "1996.02.01"]
[SourceVersion "1"]
[SourceVersionDate "1996.02.01"]
[SourceQuality "1"]

1. e4 c5 2. Nf3 Nc6 3. d4 cxd4 4. Nxd4 e5 5. Nb5 d6 6. c4 Be7 7. b3 Nf6 8. Bd3
Bg4 9. f3 Be6 10. O-O O-O 11. Be3 Nh5 12. Qd2 g6 13. Rd1 a6 14. N5c3 f5 15. Nd5
Bxd5 16. cxd5 Nb8 17. Na3 Nd7 18. Nc4 f4 19. Bf2 b5 $6 {[#] Black wants to
exchange his bad dark squared Bishop after Be7-h4, but the price he is paying
is too high: the white Knight obtains an excellent outpost on c6, while the
d3-Bishop gets the targets - the pawns on a6 & b5.} 20. Na5 Bh4 21. Nc6 Bxf2+
22. Qxf2 Qc7 23. b4 Ndf6 24. a4 bxa4 25. Rxa4 g5 26. Rxa6 Rxa6 27. Bxa6 g4 28.
b5 Qg7 29. fxg4 Nxe4 30. Qf3 Nhf6 31. b6 Nc5 32. Be2 Nfe4 33. Qa3 h5 34. gxh5
Kh8 35. Qh3 Ng5 36. Qg4 f3 37. Bxf3 Rxf3 38. h6 Qg6 39. Ne7 Qf7 40. gxf3 Nxf3+
41. Kh1 e4 42. Ng6+ Kh7 43. Nf4 Kxh6 44. Ne6 Nd3 45. Rf1 1-0

[Event "Moscow2"]
[Site "Moscow"]
[Date "1995.??.??"]
[Round "?"]
[White "Geller, Efim P"]
[Black "Sveshnikov, Evgeny"]
[Result "1/2-1/2"]
[WhiteElo "2465"]
[BlackElo "2560"]
[Annotator "Belov,I"]
[PlyCount "64"]
[EventDate "1995.04.??"]
[EventType "tourn"]
[EventRounds "9"]
[EventCountry "RUS"]
[EventCategory "11"]
[SourceTitle "CBM 047"]
[Source "ChessBase"]
[SourceDate "1995.08.01"]
[SourceVersion "1"]
[SourceVersionDate "1995.08.01"]
[SourceQuality "1"]

1. e4 {Baburin} c5 2. Nf3 Nc6 3. d4 cxd4 4. Nxd4 e5 5. Nb5 d6 6. Nd2 $5 (6. c4)
(6. a4) (6. N1c3) 6... Nf6 7. Be2 (7. Nc3 d5 8. Bd3 Bg4 9. f3 Be6 10. O-O Be7
11. exd5 Nxd5 12. Nxd5 Bxd5 13. Nc4 O-O $10 {Velimirovic,D-Holzl,F/Dubai ol/
1986/0:1/36/}) 7... Be6 8. O-O Be7 (8... d5 $5 9. exd5 Nxd5 10. Ne4 (10. c4 Nf4
11. Bf3 a6 12. Nc3 Be7 $10) 10... a6 11. Nbc3 (11. c4 axb5 12. cxd5 Qxd5 13.
Nc3 Qxd1 14. Rxd1 Bc4 $15) 11... Nxc3 12. Nxc3 Be7 $10) 9. c4 O-O 10. Re1 Rc8 (
10... a6 11. Nc3 Nd7 12. Nf3 $14) 11. Bf1 a6 12. Nc3 Nd4 13. Nb3 Nxb3 14. axb3
$14 {Baburin: This is a typical position for this fashionable line in the
Sicilian. Black employs a characteristic plan: he swaps his passive and
potentially bad Bishop on e7. This gives him a good game.} Ne8 $1 15. Nd5 Bg5
16. Bxg5 (16. Be3 $5 f5 17. exf5 Rxf5 18. g3 $14) 16... Qxg5 17. b4 $6 (17. Rc1
Qd8 (17... f5 18. exf5 Rxf5 19. g3 Qd8 20. Bg2 $14) 18. Qd2 Nf6 19. b4 $14)
17... f5 18. exf5 Rxf5 19. Ra3 $5 (19. Rc1 Rf7 20. g3 b5 21. b3 $14) 19... Qd8
20. Rg3 (20. Rc3 Rf7 21. g3 Nf6 22. Bg2 $14) 20... Rf7 21. b3 Nf6 22. Nxf6+
Rxf6 23. Qd2 Qc7 24. Rd3 Bf7 25. Qe3 h6 26. Rd2 b5 $10 27. cxb5 axb5 28. Bxb5
Rb8 29. Bd3 Rxb4 30. Rc2 Qb8 31. Rec1 Be6 32. Bc4 Bxc4 1/2-1/2

[Event "Four Nations U20"]
[Site "Oslo"]
[Date "2008.02.15"]
[Round "1.1"]
[White "Berg, Emanuel"]
[Black "Jones, Gawain C B"]
[Result "1-0"]
[WhiteElo "2583"]
[BlackElo "2562"]
[Annotator "Berg,E"]
[PlyCount "119"]
[EventDate "2008.02.15"]
[EventType "team"]
[EventRounds "3"]
[EventCountry "NOR"]
[SourceTitle "CBM 122 Extra"]
[Source "ChessBase"]
[SourceDate "2008.03.04"]
[SourceVersion "1"]
[SourceVersionDate "2008.03.04"]
[SourceQuality "1"]
[WhiteTeam "Sweden"]
[BlackTeam "England"]
[WhiteTeamCountry "SWE"]
[BlackTeamCountry "ENG"]

1. e4 c5 2. Nf3 Nc6 3. d4 cxd4 4. Nxd4 e5 5. Nb5 a6 {This variation is known
to give White a slight advantage. However, Black has come up with some
improvements lately, so I am not sure that this assessment is completely
correct. It is also very tricky to play White if you are unprepared as there
are several traps to walk into.} 6. Nd6+ Bxd6 7. Qxd6 Qf6 8. Qc7 {This is
White's safest option as it forces Black into a slightly worse endgame, with
no need to take any risks for White. The drawback is that Black, after a long
and insistent defence, usually holds the draw.} (8. Qxf6 {is not very
ambitious. After} Nxf6 9. Nc3 Nb4 {Black has already equalised.}) ({the
alternatives are} 8. Qd1) (8. Qd2 {and}) (8. Qa3 {but they all give Black
plenty of counterplay after either ...Qg6 followed by ...Nf6/...d5 or ...Nge7
followed by ...0-0 and ...d5.}) 8... Nge7 (8... Qg6 9. Nc3 Nf6 {has also been
played, but after} 10. Qd6 $1 {preventing ...d5 White has at least a slight
edge. Black is struggling both with his queenside development and to castle.})
9. Nc3 Nb4 10. Bd3 O-O $2 {This is already a mistake as now White will get a
much better version of the usual variation that follows after} (10... d5 11.
O-O (11. Bd2 {was played in Berg-Mirzoev, Soller 2006. But after} d4 12. Na4
Qc6 13. Qxc6+ Nexc6 14. Nb6 Rb8 15. f4 f6 16. f5 Kd8 17. a3 Nxd3+ 18. cxd3 Kc7
19. Nd5+ Kd6 20. O-O Bd7 21. Nb6 Kc7 22. Nd5+ Kd6 23. a4 a5 24. Nb6 Kc7 25.
Nd5+ Kd6 26. Rab1 b5 {1/2-1/2 Berg,E (2540)-Mirzoev,A (2498)/Soller 2006/CBM
110 ext (47). Black had managed to equalize and later on the game turned into
a draw.}) 11... d4 12. Na4 Qc6 13. Qxc6+ Nexc6 14. Nb6 Rb8 15. Bd2 Be6 16. a3 (
{After} 16. f4 {Black has the strong reply} Nxd3 17. cxd3 f5 $1 18. fxe5 O-O
19. Bf4 fxe4 20. dxe4 d3 {with compensation for the sacrificed pawn.}) 16...
Nxd3 17. cxd3 {with some advantage to White because of the strongly placed
knight on b6.}) 11. O-O d5 12. f4 $1 {A strong move that forces Black into
passivity.} Nxd3 13. cxd3 d4 14. Na4 ({After the tempting} 14. fxe5 {Black has
the defensive resource} Qc6 $1 15. Qxe7 dxc3 {and Black looks fine.}) 14... Bg4
$1 ({After} 14... Qc6 15. Qxe7 Qxa4 16. Qxe5 {White is a pawn up and has a
clear advantage.}) 15. Nb6 Rae8 (15... Rad8 $5) 16. Rf2 {Preventing ...Be2 and
activating the threat f4-f5 to trap the black bishop. White has a clear
advantage, but as the game will show Black is still rather solid. Perhaps
playing more energetically with} (16. b3 $5 {with the idea of Ba3 would have
been even stronger. If Black tries} Be2 {White will counter with} 17. Nd7 Qc6 (
17... Qh4 18. Rf2 Bxd3 19. Nxf8 Kxf8 20. Qxe5 $18) 18. Qxc6 bxc6 (18... Nxc6 {
runs into trouble after} 19. Rf2 Bxd3 20. Ba3 $1 {with a winning advantage to
White.}) 19. Re1 Bxd3 20. Nxe5 $1 Bc2 21. Nd7 $18 {with a clear exchange up to
White.}) 16... Qc6 17. Qxc6 Nxc6 18. h3 {forcing back the bishop to its
original square.} (18. f5 {wins an exchange by force after} f6 19. h3 Bh5 20.
g4 Bf7 21. Nd7 {but after} Nb4 {Black gets plenty of counterplay.} 22. Rd2 Nxa2
(22... Bxa2 $2 23. Nxf8 Kxf8 24. b3 $1 Bxb3 25. Rb2) 23. Nxf8 Rxf8 $44) 18...
Bc8 19. f5 f6 20. b3 Rd8 21. Ba3 (21. a4 $5 {looks a bit better not to waste
any time with Bc5 as in the game.}) 21... Rf7 22. Rc1 Bd7 23. Bc5 {Planning a4
to take control over the b5-square.} Nb8 {Black starts to re-route his pieces.
Now ...Bb5 followed by ...Nd7 is a threat.} 24. a4 Bc6 {Now Black threatens ..
Nd7 forcing a exchange of knights which would result in a drawish endgame.} 25.
Bb4 {White prepares to answer ...Nd7 with Nc4, but also makes the bishop more
flexible and opens the c-file for his rook.} Nd7 26. Nc4 Nb8 27. Nb6 Nd7 28.
Nc4 Nb8 29. Rfc2 g6 30. Ba5 Rdf8 31. Bb4 Rd8 32. Rf2 {White is about to take
on g6 and put heavy pressure on the f-file with Rcf1.} gxf5 (32... g5 {does
not solve Black's problems. After} 33. Rfc2 {White will continue his
manoeuvring work on the queenside and Black his tough defensive task.}) 33.
Rxf5 Bd7 34. Rf2 Be6 35. Rcf1 Bxc4 {Black has finally managed to exchange off
the strong white knight, but White still has a a strong bishop against a bad
knight.} 36. bxc4 Nd7 37. g4 Rg7 (37... h5 38. gxh5 $14) 38. Rf5 Kf7 39. Kf2
Rg5 $2 {This move forces White to take an important decision on the last move
before the time-control. But after what follows this turns out to be a mistake
from Black's side and White makes a lot of progress.} (39... Kg6 {would have
been better, allthough Black still has a long way to a draw.}) 40. Rxg5 $1 {
This move may seem to help Black as he no longer has the weakness on f6. But
the truth is that now he gets two new weaknesses in the pawns on e5 and g5.}
fxg5 41. Ke2+ Kg6 $2 (41... Ke6 {was necessary. White should continue} 42. Bd2
h6 43. h4 Rg8 44. hxg5 hxg5 45. Rh1 {and the white rook will soon enter on
either the h- or the b-file.} (45. Rf5 $2 {is not good enough after} Rh8 $1 (
45... Nf6 {is well met by} 46. Rxg5 Rxg5 47. Bxg5 Nxg4 $4 (47... Nd7 48. Bd2
$16) 48. Kf3 Nh2+ 49. Kg2 Ng4 50. Kg3 Ne3 (50... Nf6 51. Bxf6 Kxf6 52. Kg4 Kg6
53. a5 Kf6 54. Kh5 Ke6 55. Kg5 b6 56. axb6 Kd6 57. Kf5 a5 58. b7 Kc7 59. Kxe5
a4 60. Kxd4 $18) 51. Bxe3 dxe3 52. Kf3 Kd6 53. Kxe3 Kc5 54. d4+ exd4+ 55. Kd3
$18))) 42. Bd6 $1 {A very important move that forces the black pieces to the
defence of the e5-pawn.} Rc8 (42... b6 43. a5 $16) 43. Rf5 Re8 (43... b5 44.
axb5 axb5 45. cxb5 $16) 44. a5 Re6 45. c5 Re8 46. Kd1 h6 47. Kd2 $22 {Black is
in zugzwang} Rd8 (47... Kg7 48. Rf1 Rc8 49. Rb1 Nxc5 50. Bxe5+ $18) (47... Re6
48. Kc2 Re8 49. Kb3 $18 {[%csl Gb3][%cal Yb3c4,Yc4d5] and the white king will
penetrate via c4-d5 with total domination.}) 48. Bxe5 Nxc5 49. Rf6+ Kh7 50.
Rf7+ Kg8 51. Rg7+ Kf8 52. Rh7 Ke8 53. Rxh6 ({Also possible was} 53. Rh8+ Kd7
54. Rxd8+ Kxd8 55. Bxd4 $18 {as after} Nb3+ 56. Kc3 {the a5-pawn is tactically
protected.}) 53... Kf7 54. Rf6+ Ke8 55. Rh6 Kf7 56. Rf6+ Ke8 57. Rg6 Kf7 58.
Rxg5 Nb3+ 59. Kc2 Nxa5 60. Bxd4 {Black resigned as the upcoming rook endgame
with two pawns down is totally hopeless.} 1-0

[Event "Tbilisi"]
[Site "Tbilisi"]
[Date "1991.??.??"]
[Round "?"]
[White "Chiburdanidze, Maia"]
[Black "Arakhamia Grant, Ketevan"]
[Result "1-0"]
[WhiteElo "2485"]
[BlackElo "2440"]
[Annotator "Blatny,P"]
[PlyCount "57"]
[EventDate "1991.05.??"]
[EventType "tourn"]
[EventRounds "11"]
[EventCountry "GEO"]
[EventCategory "9"]
[SourceTitle "CBM 024"]
[Source "ChessBase"]
[SourceDate "1991.10.01"]
[SourceVersion "1"]
[SourceVersionDate "1991.10.01"]
[SourceQuality "1"]

1. e4 c5 2. Nf3 Nc6 3. d4 cxd4 4. Nxd4 e5 5. Nb5 d6 6. c4 Be7 7. N1c3 (7. Be2
f5 8. exf5 Bxf5 9. Bg5 $1 (9. O-O Nf6 10. Be3 O-O $10) (9. Bg4 Bxg4 10. Qxg4
Nf6 11. Qd1 O-O 12. O-O $14) 9... Qa5+ (9... Nf6 10. Bh5+ Kf8 (10... Nxh5 11.
Bxe7 Nxe7 12. Qxh5+ Bg6 13. Qd1 $16) 11. O-O a6 12. Bxf6 gxf6 13. N5c3 Qd7 14.
Nd5 Bd8 15. Nbc3 $16 {Belikov-Sherbakov, Kuibyshev 1990}) 10. Bd2 (10. N1c3
Bxg5 11. Nxd6+ Kf8 12. Nxf5 Rd8 $13) 10... Qd8 11. Bg4 $14) 7... a6 8. Na3 Be6
(8... Nf6 9. Be2 O-O 10. Be3 Be6 11. O-O Rc8 12. Rc1 h6 13. Qd2 Ne8 $16 {
Suetin-Kopaev, USSR 1952}) 9. Bd3 (9. Nc2 Rc8 10. Nd5 $1 (10. b3 Nf6 11. Be2
O-O 12. O-O b5 $10 {Timman-Short, Beograd 1989}) 10... Bg5 (10... Nf6 11. Bd3
O-O 12. O-O Nd7 13. b4 $16) 11. Nce3 Nge7 (11... Nf6 12. Bd3 O-O 13. O-O Bxd5
14. exd5 Nb8 15. b4 g6 16. Be2 Nbd7 17. Qb3 Ne8 18. Bb2 $14 {Frolov-Brodsky,
Sochi 1989}) 12. Bd3 O-O 13. O-O Nd4 14. b3 Bxd5 (14... g6 $142 {/\f5}) 15.
exd5 g6 16. Qg4 Bh6 17. Bb2 Bg7 18. Bxd4 exd4 19. Nc2 $16 {Frolov-Tiviakov,
Sochi (chJ) 1990}) 9... Rc8 (9... Bg5 10. O-O Bxc1 11. Rxc1 Nf6 12. Nc2 O-O 13.
Nd5 Nd7 14. Nce3 Nd4 15. Bb1 Rc8 16. Kh1 b5 $13 {Wang Zili-Sveshnikov, Beograd
GMA (op) 1988}) 10. O-O Bg5 11. Nc2 Bxc1 12. Rxc1 Na5 13. b3 b5 14. Ne3 bxc4
15. Bxc4 Nxc4 16. bxc4 $16 {><a6,d6;פg8,Rh8} a5 17. Nb5 Ke7 18. Qf3 Qb6 19.
Rfd1 Rc6 20. Rb1 Qc5 21. Nc3 Nf6 22. Rb5 Qa7 (22... Qa3 23. Rb7+ $18) 23. Ncd5+
Bxd5 24. cxd5 Rb6 (24... Rc5 $8 25. Nf5+ Kd7 $16) 25. Nf5+ Kf8 26. Qe3 $18 Ra6
27. Qxa7 Rxa7 28. Rb8+ Ne8 29. Nxd6 1-0

[Event "SUI-ch int"]
[Site "Switzerland"]
[Date "1992.??.??"]
[Round "4"]
[White "Landenbergue, Claude"]
[Black "Kishnev, Sergey"]
[Result "0-1"]
[WhiteElo "2390"]
[BlackElo "2530"]
[Annotator "Blatny,P"]
[PlyCount "34"]
[EventDate "1992.??.??"]
[EventType "tourn"]
[EventRounds "11"]
[EventCountry "SUI"]
[EventCategory "8"]
[SourceTitle "CBM 031"]
[Source "ChessBase"]
[SourceDate "1992.12.01"]
[SourceVersion "1"]
[SourceVersionDate "1992.12.01"]
[SourceQuality "1"]

1. e4 c5 2. Nf3 Nc6 3. d4 cxd4 4. Nxd4 e5 (4... Qb6 {--> Gurevich-Polgar,J}) 5.
Nb5 d6 (5... a6 {--> Popovic-Nikolic}) 6. c4 (6. a4 {--> Yudasin-Bellon Lopez})
6... Be7 7. Be2 Be6 8. O-O a6 {/\Bg5 /^c1-h6} 9. N5c3 Bg5 10. Nd2 (10. Na3 $5 {
/\Nc2-e3}) 10... Nge7 $1 11. Nf3 Bxc1 12. Rxc1 (12. Qxc1 $142 Ng6 13. Rd1 $132
{><d6}) 12... Ng6 13. Qd2 (13. Re1 $5 Nf4 14. Bf1 Bg4 15. h3) 13... Bg4 14. Ne1
$6 (14. Rfd1 Bxf3 15. Bxf3 Nd4 {=/+/-/+}) 14... h5 $1 15. Nc2 $2 (15. f3 $142
Be6 16. Rf2) 15... Nf4 16. Ne3 (16. Bxg4 hxg4 17. g3 Nh3+ {/\Qf6(-g6-h5)->}) (
16. f3 Bh3 $1 {/\Qg5->}) 16... Qg5 17. Rfd1 Nd4 (17... Nd4 18. Bxg4 $8 hxg4 19.
Nf1 Nf3+ $1 20. gxf3 gxf3+ 21. Ng3 Qg4 $1 22. Kf1 (22. Qxd6 Qh3 23. Qxe5+ Ne6
$19) 22... Qh3+ 23. Ke1 Ng2+ 24. Kf1 Ne3+ 25. Ke1 Qf1+ $1 26. Nxf1 Ng2#) 0-1

[Event "Munich SKA"]
[Site "Munich"]
[Date "1991.05.17"]
[Round "12"]
[White "Huebner, Robert"]
[Black "Anand, Viswanathan"]
[Result "1/2-1/2"]
[WhiteElo "2620"]
[BlackElo "2635"]
[Annotator "Blatny,P"]
[PlyCount "45"]
[EventDate "1991.05.04"]
[EventType "tourn"]
[EventRounds "13"]
[EventCountry "GER"]
[EventCategory "14"]
[SourceTitle "CBM 023"]
[Source "ChessBase"]
[SourceDate "1991.08.01"]
[SourceVersion "1"]
[SourceVersionDate "1991.08.01"]
[SourceQuality "1"]

1. e4 c5 2. Nf3 Nc6 3. d4 cxd4 4. Nxd4 e5 5. Nb3 Nf6 6. Bg5 Bb4+ 7. c3 Be7 8.
Bxf6 {Dr.Huebner tries new idea based on the weakness of square d5.This whole
game is a nice example of the struggle for the control of this central square.
Anand's way of equalization looks very simple and so quite impressive.} (8. Bd3
$6 d5 9. Bxf6 Bxf6 10. exd5 Qxd5 {And Black had no problems in Wilmoth-Hergott,
Swansea 1987.}) 8... Bxf6 9. Na3 d6 10. Nc4 Be7 11. Ne3 O-O 12. Bc4 Bg5 $1 13.
Qd3 Bxe3 14. Qxe3 Be6 15. Qe2 Na5 $1 16. Nxa5 Qxa5 17. O-O Qc5 18. Bb3 a5 19.
Qc2 b5 20. Rfd1 Rac8 21. Rac1 a4 22. Bd5 a3 $1 23. bxa3 $10 1/2-1/2

[Event "Munich SKA"]
[Site "Munich"]
[Date "1991.05.07"]
[Round "4"]
[White "Yudasin, Leonid"]
[Black "Polgar, Judit"]
[Result "1-0"]
[WhiteElo "2645"]
[BlackElo "2540"]
[Annotator "Blatny,P"]
[PlyCount "83"]
[EventDate "1991.05.04"]
[EventType "tourn"]
[EventRounds "13"]
[EventCountry "GER"]
[EventCategory "14"]
[SourceTitle "CBM 023"]
[Source "ChessBase"]
[SourceDate "1991.08.01"]
[SourceVersion "1"]
[SourceVersionDate "1991.08.01"]
[SourceQuality "1"]

1. e4 c5 2. Nf3 Nc6 3. d4 cxd4 4. Nxd4 Qc7 (4... Qb6 5. Nb3 Nf6 6. Nc3 e6 7.
Bd3 a6 8. f4 d5 9. e5 Nd7 10. Qg4 a5 11. a4 $2 Qb4 $1 {/\d4;Ne5 Wahls-Polgar,J
Muenchen 1991}) 5. Nb5 Qb8 6. c4 b6 7. Be3 Nf6 8. Nd2 g6 9. Be2 Bg7 10. O-O O-O
11. f4 {[+]} d6 12. Rc1 Nd7 13. Nc3 Nc5 14. Ndb1 Bb7 15. Bf3 Ne6 {Xd4} 16. Qd2
Ncd4 17. Nd5 Qd8 18. Nbc3 f5 $5 19. exf5 Nxf3+ 20. Rxf3 Rxf5 21. Re1 Qd7 22.
Bf2 Re8 23. g4 Rf7 24. f5 $1 Nf8 25. Bd4 e5 26. fxe6 {Xd6} Rxe6 27. Ref1 Rxf3
28. Rxf3 Bxd5 29. Nxd5 Bxd4+ 30. Qxd4 {Xf6} Qg7 31. Nf6+ Kh8 32. g5 Nd7 33. Qd5
Qe7 34. Nxd7 Qxd7 (34... Re1+ 35. Kg2 Qe2+ 36. Kh3 $18) 35. Qa8+ Re8 36. Rf8+
Kg7 37. Qxe8 Qg4+ 38. Kf2 Qh4+ 39. Kf3 Qh5+ 40. Ke4 Qg4+ 41. Kd5 Qxg5+ 42. Kc6
1-0